Rol' stabil'nych ekonomičeskich normativov v chozjajstvennom mechanizme

Salvato in:
Dettagli Bibliografici
Autore principale: Kiperman, Grigorij Jakovlevič
Altri autori: Muntjan, Jurij Sergejevič
Natura: Libro
Lingua:russo
Pubblicazione: Moskva Ekonomika 1980
Tags: Aggiungi Tag
Nessun Tag, puoi essere il primo ad aggiungerne!!

MARC

LEADER 00000nam a2200000 4500
001 c142027
005 20041019155323.6
041 0 |a rus 
044 |a RU 
245 1 0 |a Rol' stabil'nych ekonomičeskich normativov v chozjajstvennom mechanizme  |c Grigorij Jakovlevič Kiperman, Jurij Sergejevič Muntjan 
264 1 |a Moskva  |b Ekonomika  |c 1980 
300 |a 70 s. 
100 1 |a Kiperman, Grigorij Jakovlevič 
700 1 |a Muntjan, Jurij Sergejevič